00335nam a2200145Ia 4500003000400000008004100004040001600045082001500061100001900076245003100095260003100126300001100157650001200168650000900180GCL140319s9999 xx 000 0 eng d aGCL / cGCL04a741.2bR D1 aRODUELL, JENNY10aDRAWING / cRODUELL, JENNY a[S.N] : bHAMLYN ، c1992 a156 PP04aDRAWING04aARTS